| 000 | 01495cam a2200385 a 4500 | ||
|---|---|---|---|
| 001 | 4517654 | ||
| 003 | OSt | ||
| 005 | 20140310182657.0 | ||
| 008 | 981105s1999 maua b 001 0 eng | ||
| 010 | _a 98218133 | ||
| 020 | _a9789814221146 | ||
| 040 |
_aDLC _cDLC _dDLC |
||
| 050 | 0 | 0 |
_aPE 1128 _b.M973 2008 |
| 082 | 0 | 0 |
_aM 428.2402 _22nd ed. _bM973 2008 |
| 100 | 2 | _aCelce-Murcia, Marianne. | |
| 245 | 1 | 4 |
_aThe grammar book : _ban ESL/EFL teacher's course / _cMurcia, Marianne Celce; Freeman, Diane Larsen |
| 250 | _a2nd ed. | ||
| 260 |
_aSingapore : _bCengage Learning Asia Pte Ltd, _cc2008. |
||
| 300 |
_aviii, 854 p. : _bill. ; _c25 cm. |
||
| 504 | _aIncludes bibliographical references and indexes. | ||
| 521 | _aCollege students | ||
| 526 | _c1210L-1700L | ||
| 541 | _j1 | ||
| 562 | _e1 | ||
| 650 | 0 |
_aEnglish language _xStudy and teaching _xForeign speakers. |
|
| 650 | 0 |
_aEnglish language _xGrammar. |
|
| 700 | 2 | _aLarsen-Freeman, Diane. | |
| 700 | 1 | _aWilliams, Howard Alan. | |
| 856 | 4 | 2 |
_3Contributor biographical information _uhttp://www.loc.gov/catdir/enhancements/fy1104/98218133-b.html |
| 856 | 4 | 1 |
_3Table of contents only _uhttp://www.loc.gov/catdir/enhancements/fy1104/98218133-t.html |
| 856 | 4 | 2 |
_3Publisher description _uhttp://www.loc.gov/catdir/enhancements/fy1104/98218133-d.html |
| 906 |
_a7 _bcbc _corignew _d2 _encip _f19 _gy-gencatlg |
||
| 942 |
_2lcc _cBK _kM |
||
| 999 |
_c15128 _d15128 |
||